000 00976cam a2200313 4500
008 000000n2000 000 0 eng u
020 _a0952162563
035 _a(Sirsi) u112033
050 _a346.41043
100 _aBarsby, A. W.
245 _aProtecting your property : a guide to the law for landowners.
260 _aEpsom
_hA.W. & C. Barsby
_c2000
300 _a408p. ; 23cm.
350 _a29.50
520 _aA guide to the law in England and Wales, which covers general subjects such as trespass, boundary disputes, nuisance, easements, planning and more specific issues such as dangerous dogs, poaching and the dumping of rubbish.
650 _aLAND LAW
650 _aTRESPASS
650 _aNUISANCE
650 _aHIGHWAYS
650 _aEASEMENTS
650 _aLEASES
650 _aTENANCIES
650 _aPLANNING
650 _aCARAVANS
650 _aMOBILE HOMES
650 _aOCCUPIERS' LIABILITY
690 _aPROPERTY
942 _n0
999 _c101348
_d101348